| 000 | 00582nam a2200229 a 4500 | ||
|---|---|---|---|
| 999 |
_c11766 _d11766 |
||
| 001 | 11766 | ||
| 003 | BD-JhCC | ||
| 005 | 20200903093044.0 | ||
| 008 | 200903b20102014enka|||| ||a| 001 0 eng d | ||
| 020 | _a9781409347361 | ||
| 035 | _a(BD-JhCC)11766 | ||
| 040 |
_aBD-JhCC _dBD-JhCC |
||
| 041 | _aeng | ||
| 082 |
_a612 _bROB 2014 |
||
| 100 | _aRoberts, Alice | ||
| 245 |
_aHuman Anatomy / _cAlice Roberts . |
||
| 260 |
_aLondon: _bDorling Kindersley Limited; _c2014. |
||
| 300 |
_a256 p. : _bill; _c26 cm. |
||
| 651 |
_aHuman Body _zAnatomy |
||
| 942 |
_2ddc _cBK |
||